Sanshodhan Saadhanaa (Record no. 348430)

MARC details
000 -LEADER
fixed length control field 004160000a22001690004500
005 - DATE AND TIME OF LATEST TRANSACTION
control field 20120302055439.0
040 ## - CATALOGING SOURCE
Original cataloging agency MAR
100 ## - MAIN ENTRY--PERSONAL NAME
Personal name Joshi,Vasant Sa.
245 ## - TITLE STATEMENT
Title Sanshodhan Saadhanaa
260 ## - PUBLICATION, DISTRIBUTION, ETC. (IMPRINT)
Place of publication, distribution, etc Satara:Praadnya Paathashaalaa Mandal,1976.
300 ## - PHYSICAL DESCRIPTION
Extent 184p.
365 ## - TRADE PRICE
Price amount 12/-
650 ## - SUBJECT ADDED ENTRY--TOPICAL TERM
Topical term or geographic name as entry element Lekha-Sanshodhan
650 ## - SUBJECT ADDED ENTRY--TOPICAL TERM
Topical term or geographic name as entry element Bhaavaartha Raamaayan
650 ## - SUBJECT ADDED ENTRY--TOPICAL TERM
Topical term or geographic name as entry element Saraswatee Mahaal-Tanjaawar
942 ## - ADDED ENTRY ELEMENTS (KOHA)
Koha item type Book
Holdings
Withdrawn status Lost status Damaged status Not for loan Home library Current library Date acquired Total Checkouts Barcode Date last seen Price effective from
        Institute For Oriental Study, Thane Institute For Oriental Study, Thane 12/02/2009   IOS-11057 12/02/2009 12/02/2009